000 01616nam a2200349 i 4500
003 CL-SaCFP
005 20260211150001.0
007 ta
008 170207s2016 arca bl 000 0 spa
020 _a9789562363075
040 _cCL
082 0 4 _a352.2830983 A773 2016
_221
245 0 3 _aEl Arranque de la descentralización :
_bdesatando las amarras del centralismo chileno /
_cFundación Chile Descentralizado... Desarrollado.
246 3 0 _aDesatando las amarras del centralismo chileno
250 _aDiciembre 2016.
264 1 _aTemuco, Chile :
_bEdiciones Universidad de la Frontera,
_c2016.
264 3 _a[Chile] :
_b[Copygraph Ltda.],
_c2016.
300 _a239 páginas :
_bdiagramas ;
_c23 cm.
336 _atexto
_btxt
_2rdacontent
337 _ano mediado
_bn
_2rdamedia
338 _avolumen
_bnc
_2rdacarrier
504 _aIncluye notas bibliográficas.
505 2 _tDescentralización política. Más poder autónomo y mejor política regional --
_tDescentralización administrativa más competencias y servicios con mayor cercanía a las personas --
_tDescentralización fiscal --
_tDescentralización 2.0: un desafío de estado. A construir Chile desde sus territorios.
650 7 _aDescentralización administrativa
_zChile
650 7 _aDescentralización administrativa
_vLegislación
_zChile
650 7 _aDescentralización administrativa
_xAspectos políticos
_zChile
650 7 _aDescentralización administrativa
_xAspectos económicos
_zChile
655 7 _aLegislación
710 2 _aFundación Chile Descentralizado... Desarrollado (Chile)
942 _2ddc
_cLIBRO
949 _ac
_bc
999 _c16317
_d16317